تطور المنطق العربى

Bibliographic Details
Main Authors: ريسر, نيقولا (Author), مهران، محمد (Author)
Format: Book
Published: Qahirah : Dar al-Ma`arif , 1985
Subjects:

MARC

LEADER 00000cam a2200000 7i4500
001 0000000678
005 20161107093000.0
008 021118s1985
020 |a 9770215279 
090 0 0 |a BC15   |b .T3 
245 1 0 |a تطور المنطق العربى   |c نيقولا ريسر، ترجمة ودراسة وتعليق محمد مهران 
260 2 |a Qahirah :   |b Dar al-Ma`arif ,   |c 1985 
300 |a 574 p . ;   |c 24 cm. 
504 |a Includes bibliographical references (p. 524-576) 
650 0 |a Logic, Medieval   |x History 
700 0 |a ريسر, نيقولا ,   |e author 
700 1 |a مهران، محمد ,   |e author 
999 |a 1000013141   |b Book   |c OPEN SHELF (30 DAYS)   |e Gong Badak Campus